00886nam a2200253 i 45000010005000000030009000050050017000140080041000310200018000720800028000900800026001180800025001441000028001692450119001972500012003162600034003283000047003625000027004096100041004366500048004776510050005257000020005758520037005957707ES-MaACL20230906145309.0910323s1991 sp ||||1| spa d a84-7679-190-9 a336.6/.7(46)"1982/1990" a332.13(46)"1982/1990" a332.4(46)"1982/1990"1 aDíaz Herrera, José.13aEl dinero del poder b: la trama económica en la España socialista / cJosé Díaz Herrera, Ramón Tijeras. a1ª ed. aMadrid : bCambio 16, c1991. a713, [22] p., [32] p. de lám. ; c22 cm. aÍndice onomástico.24aPartido Socialista Obrero Español. aPartidos políticos-zEspaña-xFinanzas. 0aEspaña-xPolítica y gobierno-y1982-1996.1 aTijeras, Ramon. aES-MaACLjL-14921 z- Enc. cart.